000 01020 a2200205 4500
001 21690
005 20260407155507.0
008 260407a1976 arg spa d
003 AR-UNSa-BCEJYS
040 _aAR-UNSa-BCEJYS
_bspa
_cAR-UNSa-BCEJYS
080 _a347.72
_xSociedades comerciales
245 1 0 _aFusión y escisión de sociedades comerciales
264 1 _aBuenos Aires :
_bAbaco
_c1976
300 _a286 p.
_c23 cm.
505 _a1. Antecedentes - 2. Caracterización de la fusión - 3.Proceso de fusión: balance - 4. Proceso de fusión: compromiso - 5. Proceso de fusión: régimen de publicidad y oposición de acreedores - 6. Proceso de fusión: acuerdo y ejecución del acuerdo - 7. Revocación y rescisión - 8. Escisión - 9. Proceso de escisión. Escisión-fusión -
942 _cBK
590 _aniveau_biblio:m niveau_hierar:0
100 1 _aOtaegui, Julio C.
856 4 1 _uhttps://biblioeco.unsa.edu.ar/pmb/images/libros/Fusi?n y Escisi?n de Sociedades Comerciales.jpg
_yImagen de portada
_qimage/jpeg
999 _c848
_d848